000 00340nam a2200145Ia 4500
008 230718s9999 xx 000 0 und d
041 _aEng.
082 _a346.043
_bAWA-R
100 _aAwang gabel Mahamad
245 0 _aRent Restriction 1558
260 _aPakistan
_bManage beaches
_c2004
300 _a144
650 _aLaw
999 _c29026
_d29026